Statistics for Mayors of Atlanta by Picture

Click here to take the quiz!

General Stats

  • This quiz has been taken 5 times
  • The average score is 5 of 16

Answer Stats

Answer% Correct
Andrew Young
100%
William B. Hartsfield
75%
Kasim Reed
75%
Keisha Lance Bottoms
75%
Asa Griggs Candler
50%
Bill Campbell
50%
Robert Maddox
25%
Shirley Franklin
25%
Jonathan Norcross
0%
Allison Nelson
0%
Luther Glenn
0%
William L. Calhoun
0%
George Hillyer
0%
Porter King
0%
Charles Collier
0%
Evan Howell
0%

Score Distribution

Percentile by Number Answered

Percent of People with Each Score

Your Score History

You have not taken this quiz